Nationwise Study of Consumers Usage & Pattern and Competitors Advertising Analysis for Honey (Record no. 69275)
[ view plain ]
| 000 -LEADER | |
|---|---|
| fixed length control field | 00421nam a2200145Ia 4500 |
| 008 - FIXED-LENGTH DATA ELEMENTS--GENERAL INFORMATION | |
| fixed length control field | 221007s9999 xx 000 0 und d |
| 041 ## - LANGUAGE CODE | |
| Language code of text/sound track or separate title | eng |
| 082 ## - DEWEY DECIMAL CLASSIFICATION NUMBER | |
| Item number | PAK |
| 100 ## - MAIN ENTRY--PERSONAL NAME | |
| Personal name | Parekh S (2K41089) |
| 9 (RLIN) | 102117 |
| 245 ## - TITLE STATEMENT | |
| Title | Nationwise Study of Consumers Usage & Pattern and Competitors Advertising Analysis for Honey |
| 260 ## - PUBLICATION, DISTRIBUTION, ETC. (IMPRINT) | |
| Date of publication, distribution, etc. | 2006 |
| Name of publisher, distributor, etc. | Pune University |
| Place of publication, distribution, etc. | Pune |
| 300 ## - PHYSICAL DESCRIPTION | |
| Extent | 70p |
| 520 ## - SUMMARY, ETC. | |
| Summary, etc. | Dr. Surya Ramdas |
| 906 ## - LOCAL DATA ELEMENT F, LDF (RLIN) | |
| b | General |
| Withdrawn status | Lost status | Damaged status | Not for loan | Home library | Current library | Date acquired | Vendor | Total Checkouts | Full call number | Barcode | Date last seen | Bill Date | Koha item type | Original Barcode |
|---|---|---|---|---|---|---|---|---|---|---|---|---|---|---|
| Smt. Hiraben Nanavati Institute of Management & Research for Women | Smt. Hiraben Nanavati Institute of Management & Research for Women | 08/10/2007 | HNIMR | PAK | HIMR-PR-158 | 07/10/2022 | 08/10/2007 | Project Reports | PR0158 |